| 000 | 01770cam a22004217a 4500 | ||
|---|---|---|---|
| 003 | CHAP | ||
| 005 | 20220817042927.0 | ||
| 008 | 971013s1974 r 00010 d | ||
| 010 | _a60061 | ||
| 011 | _a61033 | ||
| 035 | _a65197 | ||
| 040 | _cCHAP | ||
| 082 |
_a631.522 _bM3 |
||
| 100 | 0 | 0 |
_aMárquez Sánchez, Fidel. _976354 |
| 245 | 1 | 3 | _aEl problema de la interacción genético-ambiental en genotecnia vegetal |
| 260 |
_aChapingo, Méx., : _bPATENA, _c1974 |
||
| 300 | _a113 p. | ||
| 590 |
_aBATCH-UPD _b10 _c20130110 _lUCH01 _h0924 |
||
| 590 |
_aBATCH-UPD _b10 _c20130410 _lUCH01 _h0546 |
||
| 590 |
_aBATCH-UPD _b10 _c20130914 _lUCH01 _h1251 |
||
| 590 |
_aCONVERSION _b10 _c20130109 _lUCH01 _h1332 |
||
| 650 | 1 | 4 |
_aEcología vegetal. _935188 |
| 650 | 1 | 4 | _aGenética vegetal. |
| 650 | 1 | 4 |
_aPlantas _xMejoramiento. _988849 |
| 901 | _aBK | ||
| 942 | _cLIBRO | ||
| 949 |
_a631.522 M3 _bBC _cLIBRO _d33724000087649 _eLIBRO _h34331 _i65197 _si |
||
| 949 |
_a631.522 M3 _bBC _cLIBRO _d33724000087656 _eLIBRO _fc.2 _h34332 _i65197 _si |
||
| 949 |
_a631.522 M3 _bBC _cLIBRO _d33724000087664 _eLIBRO _fc.3 _h34333 _i65197 _si |
||
| 949 |
_a631.522 M3 _bBC _cLIBRO _d33724000087672 _eLIBRO _fc.5 _h34335 _i65197 _si |
||
| 949 |
_a631.522 M3 _bBC _cLIBRO _d33724000087680 _eLIBRO _fc.6 _h34336 _i65197 _si |
||
| 949 |
_a631.522 M3 _bBC _cLIBRO _d33724000087698 _eLIBRO _fc.10 _h34340 _i65197 _si |
||
| 949 |
_a631.522 M3 _bBC _cLIBRO _d33724000087706 _eLIBRO _fc.11 _h44180 _i65197 _si |
||
| 949 |
_a631.522 M3 _bBC _cLIBRO _d33724000087714 _eLIBRO _fc.12 _h44181 _i65197 _si |
||
| 949 |
_a631.522 M3 _bBC _cLIBRO _d33724000087722 _eLIBRO _fc.15 _h44184 _i65197 _si |
||
| 949 |
_a631.522 M3 _bBC _cLIBRO _d33724000087847 _eLIBRO _fc.16 _h82103 _i65197 _si |
||
| 949 |
_a631.522 M3 _bBC _cLIBRO _d33724000164901 _eLIBRO _fc.7 _h34337 _i65197 _si |
||
| 999 |
_c60061 _d60061 |
||